Principles of setting-out: (Record no. 158152)

MARC details
000 -LEADER
fixed length control field 00659nam a2200205 a 4500
008 - FIXED-LENGTH DATA ELEMENTS--GENERAL INFORMATION
fixed length control field
049 ## - LOCAL HOLDINGS (OCLC)
Holding library MAIN
090 ## - LOCALLY ASSIGNED LC-TYPE CALL NUMBER (OCLC); LOCAL CALL NUMBER (RLIN)
Classification number (OCLC) (R) ; Classification number, CALL (RLIN) (NR) TK6575
003 - CONTROL NUMBER IDENTIFIER
control field
005 - DATE AND TIME OF LATEST TRANSACTION
control field 20230123134006.0
040 ## - CATALOGING SOURCE
Transcribing agency NUST
100 1# - MAIN ENTRY--PERSONAL NAME
Personal name Parr, Alfred
245 10 - TITLE STATEMENT
Title Principles of setting-out:
Remainder of title securing and tooling operations
-- for engineering students and apprentices and students in manual training-metal work/
Statement of responsibility, etc. Alfred Parr.
260 ## - PUBLICATION, DISTRIBUTION, ETC.
Place of publication, distribution, etc. London :
Name of publisher, distributor, etc. Longmans,
Date of publication, distribution, etc. 1913
300 ## - PHYSICAL DESCRIPTION
Extent viii, 290 p. :
Other physical details ill. ;
Dimensions 22 cm.
500 ## - GENERAL NOTE
General note Includes index.
650 ## - SUBJECT ADDED ENTRY--TOPICAL TERM
Topical term or geographic name entry element Engineering.
907 ## - LOCAL DATA ELEMENT G, LDG (RLIN)
a .b10162136
b 01-06-05
c 04-05-05
942 ## - ADDED ENTRY ELEMENTS (KOHA)
Koha item type Ordinary Loan Books
Call number prefix TK6575
Holdings
Date last seen Total Checkouts Full call number Barcode Cost, replacement price Price effective from Koha item type Lost status Source of classification or shelving scheme Damaged status Not for loan Collection Withdrawn status Home library Current library Shelving location Date acquired Cost, normal purchase price
01/23/2023   TK6575 PAR 92003035953 80.00 01/23/2023 BOOKS   LCC     NFIC   MAIN MAIN GEN 01/23/2023 80.00